[Event "Corsica-ch"]
[Site "Bastia"]
[Date "2006.05.06"]
[Round "1.2"]
[White "Campana, Marc Antoine"]
[Black "Petitfils, Catherine"]
[Result "0-1"]
[WhiteElo "1779"]
[BlackElo "2049"]
[PlyCount "76"]
[EventDate "2006.05.03"]
[EventType "k.o."]
[EventRounds "4"]
[EventCountry "FRA"]
[SourceTitle "EXT 2007"]
[Source "ChessBase"]
[SourceDate "2006.11.23"]
[SourceVersion "1"]
[SourceVersionDate "2006.11.23"]
[SourceQuality "1"]

1. e4 e6 2. d4 d5 3. Nc3 Nf6 4. Bg5 Bb4 5. e5 h6 6. Bd2 Bxc3 7. bxc3 Ne4 8. Qg4 g6 9. Qf4 c5 10. Bd3 Bd7 11. Ne2 Bc6 12. Bxe4 dxe4 13. Ng3 Qd5 14. Qf6 Rh7 15. Be3 Nd7 16. Qh4 cxd4 17. cxd4 g5 18. Qg4 0-0-0 19. 0-0 f5 20. exf6 Nxf6 21. Qe2 Kb8 22. c4 Qd7 23. a4 Rg8 24. Qb2 Rf7 25. a5 Ng4 26. Bd2 h5 27. h3 h4 28. Nxe4 Bxe4 29. hxg4 h3 30. f3 hxg2 31. Kxg2 e5 32. Kg3 Rgf8 33. Ra3 exd4 34. Bb4 Qc7+ 35. Kg2 Rh8 36. Kg1 Rfh7 37. Qg2 Rh2 38. fxe4 Rxg2+ 0-1

[Event "Corsica-chT"]
[Site "Travo"]
[Date "2006.03.??"]
[Round "2.1"]
[White "Paoli, Guillaume"]
[Black "Petitfils, Catherine"]
[Result "0-1"]
[WhiteElo "1650"]
[BlackElo "2049"]
[PlyCount "75"]
[EventDate "2006.04.09"]
[EventType "team"]
[EventRounds "3"]
[EventCountry "FRA"]
[SourceTitle "EXT 2007"]
[Source "ChessBase"]
[SourceDate "2006.11.23"]
[SourceVersion "1"]
[SourceVersionDate "2006.11.23"]
[SourceQuality "1"]

1. e4 e6 2. d4 d5 3. exd5 exd5 4. Nc3 Nf6 5. Nf3 Bd6 6. Bd3 0-0 7. Bg5 c6 8. Qd2 Re8+ 9. Ne2 Bg4 10. 0-0 Nbd7 11. h3 Bh5 12. Ng3 Bg6 13. Nf5 Bxf5 14. Bxf5 Qc7 15. g3 Ne4 16. Bxe4 Rxe4 17. Rae1 h6 18. Bxh6 gxh6 19. Qxh6 Bf8 20. Qg5+ Bg7 21. Nh4 Qd8 22. Qf5 Nf6 23. Qg5 Rxe1 24. Rxe1 Ne4 25. Qxd8+ Rxd8 26. Nf5 Bf6 27. f3 Nd6 28. Nxd6 Rxd6 29. Re8+ Kg7 30. c3 Re6 31. Rb8 Re7 32. Kh2 a6 33. f4 Kg6 34. g4 Bh4 35. Rg8+ Kh7 36. Rf8 Bf2 37. f5 Kg7 38. Rb8 0-1

[Event "Corsica-ch"]
[Site "Bastia"]
[Date "2004.06.13"]
[Round "2.2"]
[White "Battesti, Saveriu"]
[Black "Petitfils, Catherine"]
[Result "1-0"]
[WhiteElo "1864"]
[BlackElo "2111"]
[PlyCount "113"]
[EventDate "2004.06.12"]
[EventType "k.o."]
[EventRounds "4"]
[EventCountry "FRA"]
[SourceTitle "EXT 2007"]
[Source "ChessBase"]
[SourceDate "2006.11.23"]
[SourceVersion "1"]
[SourceVersionDate "2006.11.23"]
[SourceQuality "1"]

1. e4 e6 2. d4 d5 3. Nc3 Nf6 4. e5 Nfd7 5. f4 c5 6. Nf3 Nc6 7. Be3 Qb6 8. Qd2 cxd4 9. Nxd4 Nxd4 10. Bxd4 Bc5 11. Na4 Qc6 12. Nxc5 Nxc5 13. Qa5 Nd7 14. 0-0-0 a6 15. Rd3 b6 16. Qa3 Qc4 17. b3 Qb5 18. Rg3 Qa5 19. Qxa5 bxa5 20. Rxg7 Bb7 21. Bd3 h6 22. a4 Rc8 23. Kb2 Kf8 24. Rh7 Rxh7 25. Bxh7 Nc5 26. Bxc5+ Rxc5 27. Rd1 Ke7 28. Rd3 Rc8 29. Rc3 f6 30. Rxc8 Bxc8 31. exf6+ Kxf6 32. Kc3 e5 33. fxe5+ Kxe5 34. Kd3 Bd7 35. Ke3 d4+ 36. Kd3 Bc6 37. g3 Bd5 38. Bg6 Be6 39. Be4 Bh3 40. Bf3 Bf5+ 41. Kd2 Bc8 42. Bg2 Kd6 43. Kd3 Ke5 44. Be4 Bh3 45. Bb7 Bf1+ 46. Kd2 Kd6 47. Ke1 d3 48. c3 Bh3 49. Bxa6 Be6 50. b4 Bb3 51. Bxd3 axb4 52. cxb4 Bxa4 53. Kf2 Ke5 54. Kf3 Bd1+ 55. Be2 Bb3 56. Kg4 Bf7 57. b5 1-0

[Event "Corsica-ch"]
[Site "Bastia"]
[Date "2004.06.13"]
[Round "2.1"]
[White "Petitfils, Catherine"]
[Black "Battesti, Saveriu"]
[Result "1/2-1/2"]
[WhiteElo "2111"]
[BlackElo "1864"]
[PlyCount "104"]
[EventDate "2004.06.12"]
[EventType "k.o."]
[EventRounds "4"]
[EventCountry "FRA"]
[SourceTitle "EXT 2007"]
[Source "ChessBase"]
[SourceDate "2006.11.23"]
[SourceVersion "1"]
[SourceVersionDate "2006.11.23"]
[SourceQuality "1"]

1. d4 Nf6 2. c4 g6 3. Nc3 Bg7 4. g3 0-0 5. Bg2 d6 6. e4 e5 7. d5 Nbd7 8. Nge2 Ne8 9. 0-0 f5 10. f4 exf4 11. gxf4 fxe4 12. Nxe4 Ndf6 13. Ng5 h6 14. Ne6 Bxe6 15. dxe6 c6 16. Qd3 Qe7 17. f5 gxf5 18. Nf4 Nc7 19. Re1 Ne4 20. Bxe4 fxe4 21. Qxe4 Qh4 22. Be3 Bxb2 23. Qg2+ Qg5 24. Rab1 Bd4 25. Qxg5+ hxg5 26. Ng6 Bxe3+ 27. Rxe3 Rf6 28. Ne7+ Kf8 29. Rxb7 Nxe6 30. Nxc6 Rf7 31. Rxa7 Rfxa7 32. Nxa7 Rxa7 33. Rxe6 Rxa2 34. Rxd6 Rc2 35. Rc6 Ke7 36. h3 Kd7 37. Rc5 Kd6 38. Rxg5 Rxc4 39. Kg2 Rc3 40. Rf5 Ke6 41. Rf1 Rc5 42. Kg3 Rf5 43. Re1+ Re5 44. Ra1 Kf7 45. Kg4 Re8 46. h4 Kg8 47. Kg5 Rb8 48. Ra6 Rc8 49. h5 Rb8 50. Kg6 Rc8 51. h6 Kh8 52. Rf6 Ra8 1/2-1/2